Loading...
| History - European History | 0 | 2 | 0 | 1 | 20 | 115 | 133.00 | 0 | 2 |
| Science - Physics | 0 | 2 | 0 | 0 | 20 | 121 | 122.50 | 0 | 2 |
| Science - Chemistry | 0 | 2 | 1 | 0 | 15 | 108 | 113.50 | 1 | 2 |
| Current Events | 0 | 1 | 0 | 0 | 10 | 61 | 61.00 | 0 | 1 |
| Fine Arts - Classical Music | 0 | 1 | 0 | 0 | 10 | 98 | 98.00 | 0 | 1 |
| History - World History | 0 | 1 | 0 | 1 | 10 | 127 | 127.00 | 0 | 1 |
| Literature - World Literature | 0 | 1 | 0 | 1 | 10 | 138 | 138.00 | 0 | 1 |
| Pop Culture | 0 | 1 | 0 | 1 | 10 | 138 | 138.00 | 0 | 1 |
| Social Science | 0 | 1 | 1 | 0 | 5 | 108 | 108.00 | 0 | 1 |
| History - Other History | 0 | 1 | 1 | 1 | 5 | 138 | 138.00 | 0 | 1 |
| Religion | 0 | 0 | 0 | 0 | 0 | 0.00 | 0 | 0 | |
| History - American History | 0 | 1 | 2 | 0 | 0 | 88 | 88.00 | 1 | 1 |
| Philosophy | 0 | 0 | 0 | 0 | 0 | 0.00 | 0 | 0 | |
| Literature - American Literature | 0 | 0 | 0 | 0 | 0 | 0.00 | 0 | 0 | |
| Literature - British Literature | 0 | 0 | 0 | 0 | 0 | 0.00 | 0 | 0 | |
| Science - Other Science | 0 | 0 | 1 | 0 | -5 | 0.00 | 0 | 0 | |
| Science - Biology | 0 | 0 | 2 | 0 | -10 | 0.00 | 0 | 0 |